000 01510nam a22002057a 4500
999 _c58698
_d58698
003 Ge_BSU
005 20220630134017.0
008 220630s2020 ge ||||| |||| 00| 0 geo d
041 _ageo
080 _a551.583+502.131.1 კ-60
245 _aკლიმატის ცვლილებების მიმართ მდგრადი, დაბალემისიებიანი (კლიმატგონივრული) სოფლის მეურნეობა :
_bმეთოდოლოგიური გზამკვლევი /
_cრედ.: თამარ სანიკიძე, თამარ ალადაშვილი.
264 _c2020.
300 _a80 გვ.:
_bილ.;
_c28 სმ.
500 _aმეთოდოლოგიური გზამკვლევი შედგენილია გაეროს განვითარების პროგრამისა (UNDP) და შვეიცარიის განვითარებისა და თანამშრომლობის სააგენტოს მხარდაჭერით.
653 _aკლიმატის ცვლილებები
653 _aმეთოდოლოგიური გზამკვლევი
700 _aსანიკიძე, თამარ
_eრედაქტორი
_914264
700 _aალადაშვილი, თამარ
_eრედაქტორი
_914265
942 _2udc
_cBK